| 000 | 00581nam a2200229 a 4500 | ||
|---|---|---|---|
| 999 |
_c1898 _d1898 |
||
| 001 | 1898 | ||
| 003 | BD-JhCC | ||
| 005 | 20220602134022.0 | ||
| 008 | 171026s2011 nyu |||| || | 001 0 eng d | ||
| 020 | _a9781402784538 | ||
| 035 | _a(BD-JhCC)1898 | ||
| 040 |
_aBD-JhCC _dBD-JhCC |
||
| 041 | _aeng | ||
| 082 |
_a158.1 _bHIL 2011 |
||
| 100 | _aHill, Napoleon | ||
| 245 |
_aOutwitting The Devil / _cNapoleon Hill, |
||
| 260 |
_aNew York : _bSterlingPublishing, _c2011 |
||
| 300 |
_a269 p. : _c22 cm. |
||
| 650 | _aPsychological aspects | ||
| 942 |
_2ddc _cBK _05 |
||